Powiaty Województwa Małopolskiego - Statystyki

Ogólne statystyki
  • Ten quiz został rozwiązany 20 razy
  • Średni wynik to 19 z 22
Statystyki odpowiedzi
Stolica Powiat % Poprawnych
Miasto na prawach powiatu Kraków
100%
Miasto na prawach powiatu Tarnów
100%
Brzesko Brzeski
95%
Gorlice Gorlicki
95%
Kraków Krakowski
95%
Limanowa Limanowski
95%
Miechów Miechowski
95%
Myślenice Myślenicki
95%
Tarnów Tarnowski
95%
Chrzanów Chrzanowski
90%
Nowy Sącz Nowosądecki
90%
Miasto na prawach powiatu Nowy Sącz
90%
Oświęcim Oświęcimski
90%
Wadowice Wadowicki
90%
Proszowice Proszowicki
85%
Bochnia Bocheński
80%
Nowy Targ Nowotarski
80%
Olkusz Olkuski
80%
Zakopane Tatrzański
80%
Wieliczka Wielicki
75%
Dąbrowa Tarnowska Dąbrowski
70%
Sucha Beskidzka Suski
60%
Nie znaleziono quizów pasujących do podanych kryteriów
Rozkład punktacji
Procent ludzi z każdym wynikiem
Percentyl według liczby udzielonych odpowiedzi
Twoja historia wyników
Nie rozwiązałeś tego quizu